La Despesa municipal supletòria a Catalunya / Joan Chavero i Anna Tarrach
ISBN:
84-87286-03-6
Descripción Física:
366 p. : gràf. ; 24 cm
Otros Autores:
Tarrach, Anna
MARC
| LEADER | 00000nam a2200000Ia 4500 | ||
|---|---|---|---|
| 001 | 20006 | ||
| 008 | 160829s1990 xx 000 0 cat d | ||
| 020 | |a 84-87286-03-6 | ||
| 080 | |a M-6-2 | ||
| 100 | |a Chavero, Joan |9 44245 | ||
| 245 | |a La Despesa municipal supletòria a Catalunya / Joan Chavero i Anna Tarrach | ||
| 260 | |a Barcelona : |b Federació de Municipis de Catalunya, |c 1990 | ||
| 300 | |a 366 p. : |b gràf. ; |c 24 cm | ||
| 650 | |a Finances locals |x Catalunya |x Estadístiques |9 44246 | ||
| 650 | |a Catalunya |x Política de despeses públiques |x Estadístiques |9 44247 | ||
| 700 | |a Tarrach, Anna |9 44248 | ||
| 710 | |a Federació de Municipis de Catalunya |9 52168 | ||
| 901 | |a Arxiu | ||
| 942 | |n 1 | ||
| 952 | |0 0 |1 0 |4 0 |6 M62 |7 1 |9 51862 |a Arxiu |b Arxiu |d 2016-12-01 |l 0 |o M-6-2 |p 20006 |r 2016-12-01 00:00:00 |w 2016-12-01 |y ARXIU | ||
| 999 | |c 55708 |d 55708 | ||